000 00628cam a22002177a 4500
999 _c5181
_d5181
001 968607
003 GZU
005 20210330091901.0
008 900518s1984 rh a 000 0 sna
010 _a 84981085
020 _a0869253220
040 _aDLC
_cDLC
_dDLC
050 0 0 _aPL8681.4 HOD 1984
100 1 _aHodza, Aaron C.
245 1 0 _aMitambo yavasikana navakomana pasichigare /
_cA.C. Hodza.
260 _aHarare, Zimbabwe :
_bCollege Press,
_c1984.
300 _a122 p. :
_bill. ;
_c21 cm.
906 _a7
_bcbc
_corignew
_du
_encip
_f19
_gy-gencatlg
942 _2lcc
_cBK
_h8681.4
_iHOD
_kPL
_m1984